[Event "9th EUROPEAN  INDIVIDUAL  WOME"]
[Site "Plovdiv, Bulgaria"]
[Date "2008.05.01"]
[Round "10"]
[Board "1"]
[White "Shaidullina, Sandugach"]
[Black "Foisor, Cristina Adela"]
[Result "0-1"]
[WhiteElo "2298"]
[BlackElo "2364"]
[PlyCount "112"]
[EventDate "2008.04.21"]
[EventRounds "11"]
[EventCountry "BUL"]

1.d4 g6 2.c4 Bg7 3.e4 c5 4.d5 e6 5.Ne2 d6 6.Nbc3 a6 7.a4 Ne7 8.Ng3 O-O 9.Be2 f5
10.exf5 exf5 11.Bf4 Qb6 12.Qd2 Nd7 13.a5 Qc7 14.h4 Nf6 15.h5 Bd7 16.Bh6 Rf7
17.hxg6 Nxg6 18.Qg5 Raf8 19.Bxg7 Rxg7 20.Nxf5 Bxf5 21.Qxf5 Re7 22.Rh6 Re5
23.Rxg6+ hxg6 24.Qxg6+ Qg7 25.Qxg7+ Kxg7 26.f4 Re7 27.Kf2 Ne4+ 28.Nxe4 Rxf4+
29.Bf3 Rexe4 30.b3 Re5 31.Rd1 Rh4 32.Rb1 Re7 33.Rb2 Kf6 34.Be2 Ke5 35.b4 Kd4
36.b5 Kc3 37.Rb1 Rf4+ 38.Kg3 Rf6 39.bxa6 bxa6 40.Bf3 Kxc4 41.Rb6 Ra7 42.Kg4 Rxf3
43.gxf3 Kxd5 44.Kg5 c4 45.f4 c3 46.Rb1 Kc4 47.Kf6 d5 48.Ke5 c2 49.Rf1 d4 50.f5
d3 51.f6 d2 52.f7 Rxf7 53.Rxf7 d1=Q 54.Rc7+ Kb5 55.Rb7+ Kxa5 56.Rb2 Qa1

[Event "9th EUROPEAN  INDIVIDUAL  WOME"]
[Site "Plovdiv, Bulgaria"]
[Date "2008.05.01"]
[Round "10"]
[Board "1"]
[White "Aginian, Nelly"]
[Black "Vasilevich, Tatjana"]
[Result "1/2-1/2"]
[WhiteElo "2295"]
[BlackElo "2360"]
[PlyCount "40"]
[EventDate "2008.04.21"]
[EventRounds "11"]
[EventCountry "BUL"]

1.e4 e5 2.Nf3 Nc6 3.Bb5 a6 4.Bxc6 dxc6 5.O-O f6 6.d4 exd4 7.Qxd4 Qxd4 8.Nxd4 Bd6
9.Nd2 c5 10.N4f3 Ne7 11.Nc4 Be6 12.Nxd6+ cxd6 13.Bf4 O-O-O 14.Rfe1 Rhe8 15.a3 d5
16.exd5 Nxd5 17.Bg3 Bg4 18.Nd2 Ne3 19.h3 Bh5 20.Nb3 Nxc2

[Event "9th EUROPEAN  INDIVIDUAL  WOME"]
[Site "Plovdiv, Bulgaria"]
[Date "2008.05.01"]
[Round "10"]
[Board "1"]
[White "Bensdorp, Marlies"]
[Black "Sedina, Elena"]
[Result "1/2-1/2"]
[WhiteElo "2268"]
[BlackElo "2356"]
[PlyCount "43"]
[EventDate "2008.04.21"]
[EventRounds "11"]
[EventCountry "BUL"]

1.d4 Nf6 2.c4 c6 3.Nf3 d5 4.Nc3 dxc4 5.a4 Na6 6.e3 Be6 7.Ne5 Nb4 8.Bxc4 Bxc4
9.Nxc4 e6 10.O-O Be7 11.Qe2 O-O 12.Rd1 c5 13.dxc5 Qc7 14.e4 Bxc5 15.Bg5 Rac8
16.b3 a6 17.Rac1 Be7 18.e5 Nfd5 19.Bxe7 Qxe7 20.Ne4 Nc6 21.Ned6 Rc7 22.g3

[Event "9th EUROPEAN  INDIVIDUAL  WOME"]
[Site "Plovdiv, Bulgaria"]
[Date "2008.05.01"]
[Round "10"]
[Board "1"]
[White "Milliet, Sophie"]
[Black "Zakurdjaeva, Irina"]
[Result "1/2-1/2"]
[WhiteElo "2354"]
[BlackElo "2296"]
[PlyCount "84"]
[EventDate "2008.04.21"]
[EventRounds "11"]
[EventCountry "BUL"]

1.e4 c5 2.c3 Nf6 3.e5 Nd5 4.Nf3 d6 5.d4 e6 6.dxc5 dxe5 7.Nxe5 Bxc5 8.Bb5+ Bd7
9.Nxd7 Nxd7 10.O-O O-O 11.Nd2 N7f6 12.Nf3 Qb6 13.Qe2 h6 14.c4 Ne7 15.Rb1 a5
16.a3 a4 17.Bf4 Nf5 18.h3 Rfd8 19.Qc2 Nh5 20.Be5 f6 21.Bh2 Nfg3 22.Rfd1 Rxd1+
23.Rxd1 f5 24.Ne5 Ne4 25.Nd3 Bd4 26.Qe2 Nhf6 27.Rf1 Nc5 28.Nf4 Nfe4 29.Kh1 g5
30.f3 Nf6 31.Ng6 Kg7 32.Ne5 f4 33.Rd1 Rd8 34.h4 Qc7 35.Nd3 Nxd3 36.Rxd3 e5
37.Qd1 Nd7 38.Bg1 Nc5 39.Rd2 Nb3 40.Rd3 Nc5 41.Rd2 Nb3 42.Rd3 Nc5

[Event "9th EUROPEAN  INDIVIDUAL  WOME"]
[Site "Plovdiv, Bulgaria"]
[Date "2008.05.01"]
[Round "10"]
[Board "1"]
[White "Mamedjarova, Zeinab"]
[Black "Schuurman, Petra"]
[Result "1-0"]
[WhiteElo "2322"]
[BlackElo "2295"]
[PlyCount "177"]
[EventDate "2008.04.21"]
[EventRounds "11"]
[EventCountry "BUL"]

1.d4 Nf6 2.Nf3 b6 3.Bf4 Ba6 4.Nbd2 c5 5.e3 Bxf1 6.Nxf1 g6 7.N1d2 Bg7 8.h3 O-O
9.O-O Nc6 10.c3 d6 11.Qb3 Na5 12.Qc2 Rc8 13.Rad1 Qc7 14.Rfe1 Qb7 15.dxc5 bxc5
16.e4 Nd7 17.e5 d5 18.h4 e6 19.h5 Nc6 20.Nf1 c4 21.N1h2 Rb8 22.Re2 Qc7 23.Ng4
Nc5 24.Bh6 Ne4 25.Bxg7 Kxg7 26.Qc1 f5 27.exf6+ Nxf6 28.Ng5 Nd8 29.Nxf6 Rxf6
30.Qe3 h6 31.Nf3 Nc6 32.Qc5 Qb6 33.Qxb6 Rxb6 34.hxg6 Rxg6 35.g3 Kf7 36.Kg2 Rg8
37.Rh1 Rg6 38.Rh4 Kg7 39.Rf4 Rf6 40.Rg4+ Kf7 41.Rh4 Kg7 42.Nh2 Rg6 43.f4 Ne7
44.Kf2 Nf5 45.Rg4 Rxg4 46.Nxg4 h5 47.Ne5 Rb7 48.Kf3 Kf6 49.Rh2 Rg7 50.Rh3 a6
51.a3 Rg8 52.Nd7+ Ke7 53.Ne5 Kd6 54.Nf7+ Kd7 55.Ng5 Rb8 56.Rxh5 Rxb2 57.Rh7+ Ne7
58.Ke3 Kd6 59.Nf7+ Kc5 60.Nd8 Kd6 61.g4 Kd7 62.Nf7 Rb3 63.a4 Rxc3+ 64.Kd4 Rg3
65.Kc5 Nc8 66.Nd6+ Kd8 67.Rh8+ Kd7 68.Nxc8 Rxg4 69.Nd6 Ke7 70.Rh7+ Kf6 71.a5 c3
72.Rh3 Rxf4 73.Rxc3 Ra4 74.Kb6 e5 75.Kxa6 e4 76.Kb5 Ra1 77.a6 Ke5 78.Nb7 d4
79.Rc5+ Kf4 80.Na5 Rb1+ 81.Kc4 d3 82.a7 Rc1+ 83.Kb4 Rxc5 84.a8=Q d2 85.Qd8 Ke3
86.Nb3 Rc2 87.Qg5+ Kd3 88.Qd5+ Ke3 89.Qd4+

[Event "9th EUROPEAN  INDIVIDUAL  WOME"]
[Site "Plovdiv, Bulgaria"]
[Date "2008.05.01"]
[Round "10"]
[Board "1"]
[White "Tarasova, Viktoriya"]
[Black "Vajda, Szidonia"]
[Result "1/2-1/2"]
[WhiteElo "2276"]
[BlackElo "2413"]
[PlyCount "28"]
[EventDate "2008.04.21"]
[EventRounds "11"]
[EventCountry "BUL"]

1.d4 d5 2.c4 e6 3.Nf3 a6 4.cxd5 exd5 5.Nc3 Nf6 6.Bg5 Be7 7.e3 O-O 8.Qc2 h6 9.Bh4
Re8 10.Bd3 Nc6 11.a3 Nh5 12.Bxe7 Rxe7 13.Bf5 Nf6 14.O-O Bxf5

[Event "9th EUROPEAN  INDIVIDUAL  WOME"]
[Site "Plovdiv, Bulgaria"]
[Date "2008.05.01"]
[Round "10"]
[Board "1"]
[White "Ionica, Iulia Ionela"]
[Black "Collas, Silvia"]
[Result "1/2-1/2"]
[WhiteElo "2278"]
[BlackElo "2395"]
[PlyCount "20"]
[EventDate "2008.04.21"]
[EventRounds "11"]
[EventCountry "BUL"]

1.e4 c5 2.Nf3 e6 3.d4 cxd4 4.Nxd4 Nf6 5.Nc3 d6 6.Be2 Be7 7.O-O a6 8.a4 Nc6 9.Be3
O-O 10.f4 Qc7

[Event "9th EUROPEAN  INDIVIDUAL  WOME"]
[Site "Plovdiv, Bulgaria"]
[Date "2008.05.01"]
[Round "10"]
[Board "1"]
[White "Mamedjarova, Turkan"]
[Black "Vasilevich, Irina"]
[Result "1/2-1/2"]
[WhiteElo "2271"]
[BlackElo "2395"]
[PlyCount "100"]
[EventDate "2008.04.21"]
[EventRounds "11"]
[EventCountry "BUL"]

1.d4 e6 2.c4 Nf6 3.Nc3 Bb4 4.e3 d5 5.cxd5 exd5 6.Bd3 c5 7.Nf3 c4 8.Bb1 O-O 9.h3
Nc6 10.O-O Re8 11.a3 Bxc3 12.bxc3 b5 13.a4 b4 14.cxb4 Nxb4 15.Ne5 a5 16.Re1 Ba6
17.e4 Nxe4 18.Qh5 g6 19.Qh6 Qf6 20.Bxe4 dxe4 21.Bg5 Qg7 22.Qh4 Nd5 23.Qxe4 Bb7
24.Rab1 f5 25.Qh4 c3 26.Rb5 Rac8 27.Rc1 Ba8 28.Rxa5 Qc7 29.Rc5 Qa7 30.Nd3 Qxa4
31.Rxc8 Rxc8 32.Re1 Re8 33.Rxe8+ Qxe8 34.Qg3 c2 35.Qd6 Nc3 36.Qc5 Qc6 37.f3 f4
38.Qxc6 Bxc6 39.Kf2 Nd5 40.g3 Bb5 41.Nc1 Kf7 42.g4 Ke6 43.Ke1 h5 44.Kd2 Bf1
45.Kxc2 Bxh3 46.Nd3 hxg4 47.fxg4 f3 48.Nf2 Bf1 49.Kd2 Be2 50.Ne4 Nb6

[Event "9th EUROPEAN  INDIVIDUAL  WOME"]
[Site "Plovdiv, Bulgaria"]
[Date "2008.05.01"]
[Round "10"]
[Board "1"]
[White "Schneider, Veronika"]
[Black "Majdan, Joanna"]
[Result "1-0"]
[WhiteElo "2261"]
[BlackElo "2338"]
[PlyCount "111"]
[EventDate "2008.04.21"]
[EventRounds "11"]
[EventCountry "BUL"]

1.e4 c5 2.c3 Nf6 3.e5 Nd5 4.Nf3 Nc6 5.d4 cxd4 6.cxd4 d6 7.Bc4 Nb6 8.Bb3 e6 9.Qe2
dxe5 10.dxe5 Nb4 11.O-O Qd3 12.Qe3 Bd7 13.Nc3 Qxe3 14.Bxe3 Nd3 15.Rab1 Bc6
16.Bc2 Nb4 17.Be4 Bxe4 18.Nxe4 N6d5 19.a3 Nc6 20.Bd2 Be7 21.b4 O-O 22.Rfc1 Rac8
23.g3 h6 24.Nc5 b5 25.Nb3 Nb6 26.Rb2 Nc4 27.Rbc2 Rcd8 28.Be3 Rd3 29.Rc3 Rfd8
30.Kg2 g5 31.h3 Bf8 32.Nfd4 Rxc3 33.Rxc3 Nxd4 34.Nxd4 a6 35.Nc6 Rd5 36.Bd4 f6
37.f4 fxe5 38.Bxe5 h5 39.Kf3 Nd2+ 40.Ke3 g4 41.hxg4 hxg4 42.Bd4 Nc4+ 43.Kd3 Rd6
44.Ne5 Bg7 {Diagram #} 45.Rxc4 bxc4+ 46.Kxc4 Bxe5 47.fxe5 Rc6+ 48.Bc5 Kf7 49.a4
Ke8 50.b5 axb5+ 51.Kxb5 Rc7 52.a5 Kd7 53.a6 Rc8 54.a7 Kc7 55.Ka6 Kd7 56.Bd6

[Event "9th EUROPEAN  INDIVIDUAL  WOME"]
[Site "Plovdiv, Bulgaria"]
[Date "2008.05.01"]
[Round "10"]
[Board "1"]
[White "Dworakowska, Joanna"]
[Black "Golubenko, Valentina"]
[Result "1/2-1/2"]
[WhiteElo "2335"]
[BlackElo "2253"]
[PlyCount "94"]
[EventDate "2008.04.21"]
[EventRounds "11"]
[EventCountry "BUL"]

1.e4 d5 2.exd5 Nf6 3.d4 Nxd5 4.Nf3 g6 5.Be2 Bg7 6.O-O O-O 7.c4 Nb6 8.Nc3 Bg4
9.c5 Nd5 10.Qb3 Nxc3 11.bxc3 b6 12.h3 Be6 13.Bc4 Bxc4 14.Qxc4 bxc5 15.Qxc5 Nd7
16.Qc6 Nb6 17.Rb1 Qd6 18.Qe4 Nd5 19.Rb3 Rfb8 20.Ba3 Qd7 21.Re1 e6 22.Ne5 Bxe5
23.dxe5 Rxb3 24.axb3 Rb8 25.c4 Rxb3 26.Bc5 Nb6 27.Ra1 Qd3 28.Qc6 Nd7 29.Rxa7 Qc3
30.Qxd7 Rb1+ 31.Kh2 Qxe5+ 32.g3 Qxc5 33.Ra2 Qxc4 34.Qe8+ Kg7 35.Ra8 Qc5 36.Qg8+
Kh6 37.Qxf7 Qf5 38.Qf8+ Qxf8 39.Rxf8 Kg7 40.Rd8 c5 41.Rd7+ Kg8 42.Rc7 Rc1 43.Kg2
c4 44.Re7 Re1 45.Rc7 Rc1 46.Re7 Re1 47.Rc7 Rc1

[Event "9th EUROPEAN  INDIVIDUAL  WOME"]
[Site "Plovdiv, Bulgaria"]
[Date "2008.05.01"]
[Round "10"]
[Board "1"]
[White "Klinova, Masha"]
[Black "Butuc, Maria"]
[Result "1/2-1/2"]
[WhiteElo "2318"]
[BlackElo "2137"]
[PlyCount "92"]
[EventDate "2008.04.21"]
[EventRounds "11"]
[EventCountry "BUL"]

1.e4 c6 2.d4 d5 3.exd5 cxd5 4.Bd3 Nc6 5.c3 Qc7 6.h3 g6 7.Ne2 Bf5 8.Bxf5 gxf5
9.Bf4 Qd7 10.Qd3 e6 11.Nd2 Nf6 12.Nf3 Ne4 13.g4 fxg4 14.hxg4 Bd6 15.Ne5 Qc7
16.f3 Bxe5 17.dxe5 Nc5 18.Qe3 Qb6 19.b4 Nd7 20.Qxb6 axb6 21.Rh5 Ra3 22.Kf2 f6
23.exf6 Nxf6 24.Rh6 Kf7 25.b5 Ne7 26.Bd6 Raa8 27.Be5 Ng6 28.Bd4 e5 29.Bxb6 Ra4
30.g5 Ng8 31.Rh2 h6 32.Be3 hxg5 33.Rxh8 Nxh8 34.Bxg5 Ng6 35.Rd1 N8e7 36.Rd2 Ke6
37.Rb2 Nc8 38.Nc1 Nd6 39.Nd3 b6 40.Be3 Nc4 41.Re2 Ra5 42.a4 Nxe3 43.Kxe3 Rxa4
44.Rg2 Ne7 45.Rg5 e4 46.fxe4 Rxe4+

[Event "9th EUROPEAN  INDIVIDUAL  WOME"]
[Site "Plovdiv, Bulgaria"]
[Date "2008.05.01"]
[Round "10"]
[Board "1"]
[White "Vojinovic, Jovana"]
[Black "Levushkina, Elena"]
[Result "1-0"]
[WhiteElo "2217"]
[BlackElo "2291"]
[PlyCount "55"]
[EventDate "2008.04.21"]
[EventRounds "11"]
[EventCountry "BUL"]

1.d4 d5 2.c4 dxc4 3.Nf3 Nf6 4.e3 e6 5.Bxc4 c5 6.O-O a6 7.dxc5 Bxc5 8.Qxd8+ Kxd8
9.Nbd2 Nbd7 10.Nb3 Ba7 11.Be2 Ke7 12.Bd2 Rd8 13.Nfd4 Ke8 14.Rfc1 Ne4 15.Ba5 Bb6
16.Bxb6 Nxb6 17.Na5 Nd6 18.Ndb3 Na4 19.Rc2 Bd7 20.Rd1 Bb5 21.Bf3 e5 22.Rcd2 Nc4
23.Nxc4 Bxc4 24.Bxb7 Nxb2 25.Bc6+ Ke7 26.Rd7+ Rxd7 27.Rxd7+ Ke6 28.Nc5+

[Event "9th EUROPEAN  INDIVIDUAL  WOME"]
[Site "Plovdiv, Bulgaria"]
[Date "2008.05.01"]
[Round "10"]
[Board "1"]
[White "Komiagina, Maria"]
[Black "Bulmaga, Irina"]
[Result "1/2-1/2"]
[WhiteElo "2285"]
[BlackElo "2106"]
[PlyCount "116"]
[EventDate "2008.04.21"]
[EventRounds "11"]
[EventCountry "BUL"]

1.e4 c6 2.d4 d5 3.e5 Bf5 4.Nd2 e6 5.Nb3 Nd7 6.Nf3 Ne7 7.Be2 Nc8 8.O-O Be7 9.h3
O-O 10.a4 Qc7 11.a5 a6 12.c4 dxc4 13.Bxc4 Rd8 14.Qe2 h6 15.Bf4 Na7 16.g4 Bh7
17.Rac1 Nf8 18.Bg3 Qd7 19.Rfd1 Nb5 20.Nc5 Bxc5 21.dxc5 Qc7 22.Bxb5 axb5 23.b4
Rxd1+ 24.Rxd1 Rd8 25.Rd6 Ng6 26.Qd2 Re8 27.Nd4 Ne7 28.Ne2 Be4 29.f4 Nd5 30.Nc3
Nxc3 31.Qxc3 Qe7 32.Qe3 Bd5 33.Qf2 f5 34.gxf5 exf5 35.Bh4 Qf7 36.Qe2 Kh7 37.Kh2
Kh8 38.Qd1 Kh7 39.Qg1 Rg8 40.Qg3 Re8 41.Qf2 Kh8 42.Qd2 Kh7 43.Bf2 Kh8 44.Qe2 Bc4
45.Qd1 Bd5 46.h4 Kh7 47.h5 Re6 48.Bh4 Rxd6 49.exd6 Be6 50.Be7 Bd7 51.Kh3 Qe6
52.Qg1 Qb3+ 53.Qg3 Qxg3+ 54.Kxg3 Kg8 55.Kf3 Kf7 56.Ke3 Ke6 57.Kd4 Kf7 58.Ke5 Ke8

[Event "9th EUROPEAN  INDIVIDUAL  WOME"]
[Site "Plovdiv, Bulgaria"]
[Date "2008.05.01"]
[Round "10"]
[Board "1"]
[White "Fakhiridou, Ekaterini"]
[Black "Danelia, Mariam"]
[Result "1-0"]
[WhiteElo "2292"]
[BlackElo "2129"]
[PlyCount "93"]
[EventDate "2008.04.21"]
[EventRounds "11"]
[EventCountry "BUL"]

1.e4 c5 2.Nf3 d6 3.c3 Nf6 4.Bd3 Bg4 5.h3 Bxf3 6.Qxf3 Nc6 7.Bb5 Qb6 8.Bxc6+ Qxc6
9.d3 g6 10.O-O Bg7 11.Nd2 e5 12.Re1 O-O 13.Nf1 d5 14.Bg5 d4 15.cxd4 cxd4 16.Rac1
Qd6 17.Rc2 h6 18.Bd2 Rfc8 19.Rec1 Rxc2 20.Rxc2 Qe6 21.b3 Ne8 22.Qd1 Rc8 23.Qc1
Rxc2 24.Qxc2 Bf8 25.f4 Kh7 26.Nh2 f6 27.fxe5 fxe5 28.Nf3 b6 29.Be1 Be7 30.Bg3
Bf6 31.Qc4 Qe7 32.Qc6 Nd6 33.Nxd4 Nxe4 34.Qxe4 Qc5 35.b4 Qc1+ 36.Kh2 exd4
37.Qb7+ Kg8 38.Qb8+ Kh7 39.Qxa7+ Kg8 40.Qxb6 Qg5 41.Qe6+ Kg7 42.Qd7+ Kh8 43.b5
h5 44.h4 Qc5 45.Qc6 Qf5 46.b6 Kh7 47.Qc7+

[Event "9th EUROPEAN  INDIVIDUAL  WOME"]
[Site "Plovdiv, Bulgaria"]
[Date "2008.05.01"]
[Round "10"]
[Board "1"]
[White "Nikolova, Adriana"]
[Black "Foisor, Sabina Francesca"]
[Result "1/2-1/2"]
[WhiteElo "2219"]
[BlackElo "2375"]
[PlyCount "105"]
[EventDate "2008.04.21"]
[EventRounds "11"]
[EventCountry "BUL"]

1.e4 c6 2.d4 g6 3.Nc3 d5 4.Be3 Qb6 5.exd5 Qxb2 6.Nge2 Nf6 7.Rb1 Qa3 8.dxc6 bxc6
9.g3 Be6 10.Bg2 Nd5 11.Qd2 Nd7 12.O-O Rc8 13.Ne4 Nxe3 14.fxe3 Bh6 15.Nf4 Nb6
16.Rbe1 Bc4 17.Rf2 O-O 18.c3 Na4 19.Qc1 Qxc1 20.Rxc1 c5 21.h4 f6 22.Bh3 Rb8
23.Nxc5 Nxc5 24.dxc5 e5 25.Ng2 f5 26.Re1 Bd3 27.Rd2 e4 28.Nf4 Bxf4 29.gxf4 Rbc8
30.Bf1 Bxf1 31.Kxf1 Rxc5 32.Rc1 Rfc8 33.Rdc2 Rc4 34.Ke2 Kg7 35.Rb2 Rxc3 36.Rb7+
Kh6 37.Rxc3 Rxc3 38.Rxa7 Kh5 39.Rxh7+ Kg4 {Diagram #} 40.h5 gxh5 41.Rg7+ Kh4
42.Rg5 Rc2+ 43.Ke1 Rxa2 {Diagram #} 44.Rxf5 Kg4 45.Rg5+ Kf3 46.Rxh5 Kxe3 47.Rh3+
Kd4 48.f5 e3 49.Rh8 Rf2 50.f6 Rxf6 51.Rd8+ Ke4 52.Re8+ Kf3 53.Re7

[Event "9th EUROPEAN  INDIVIDUAL  WOME"]
[Site "Plovdiv, Bulgaria"]
[Date "2008.05.01"]
[Round "10"]
[Board "1"]
[White "Gavasheli, Ana"]
[Black "Sandu, Mihaela"]
[Result "0-1"]
[WhiteElo "2191"]
[BlackElo "2325"]
[PlyCount "84"]
[EventDate "2008.04.21"]
[EventRounds "11"]
[EventCountry "BUL"]

1.c4 f5 2.g3 Nf6 3.Bg2 g6 4.Nc3 Bg7 5.Nf3 d6 6.O-O e5 7.d3 O-O 8.Bd2 h6 9.Rb1
Nc6 10.Ne1 a5 11.a3 Qe8 12.b4 axb4 13.axb4 e4 14.dxe4 fxe4 15.Nd5 Nxd5 16.cxd5
Nd4 17.Bxh6 Bg4 18.Qd2 Bxh6 19.Qxd4 Bxe2 20.Qxe4 Bxf1 21.Qxe8 Rfxe8 22.Bxf1 Ra2
23.f4 Bg7 24.Nf3 Re3 25.Ng5 Bd4 26.Kh1 Bb6 27.Rd1 Rb2 28.b5 Ra3 29.Bd3 Raa2
30.Nf3 Rf2 31.Rf1 Rxf1+ 32.Bxf1 Rf2 33.Bg2 Kg7 34.Nh4 Rb2 35.Be4 Rxb5 36.Nxg6
Rb4 37.Bf5 Kf6 38.Nh4 c5 39.Kg2 c4 40.Kf1 Rb2 41.Ke1 Rxh2 42.Kd1 Rxh4

[Event "9th EUROPEAN  INDIVIDUAL  WOME"]
[Site "Plovdiv, Bulgaria"]
[Date "2008.05.01"]
[Round "10"]
[Board "1"]
[White "Marin, Irina Luiza"]
[Black "Paulet, Iozefina"]
[Result "1-0"]
[WhiteElo "2182"]
[BlackElo "2308"]
[PlyCount "111"]
[EventDate "2008.04.21"]
[EventRounds "11"]
[EventCountry "BUL"]

1.c4 e5 2.g3 Nc6 3.Bg2 g6 4.Nc3 Bg7 5.e4 d6 6.Nge2 f5 7.d3 Nf6 8.O-O O-O 9.Nd5
Be6 10.Bg5 Qd7 11.Qd2 Rf7 12.b4 a6 13.a4 Raf8 14.b5 axb5 15.axb5 Nd8 16.Nxf6+
Bxf6 17.Bxf6 Rxf6 18.exf5 Rxf5 19.f4 R5f6 20.fxe5 dxe5 21.Rxf6 Rxf6 22.Qe3 Kg7
23.Qxe5 Nf7 24.Qc3 Qe7 25.Rf1 Bf5 26.Nf4 c6 27.bxc6 bxc6 28.Kh1 Kh6 29.Re1 Qd8
30.d4 Rd6 31.d5 cxd5 32.cxd5 Qb6 33.h4 Qf2 34.Re7 Rd7 35.Rxd7 Bxd7 36.Qf6 Qxg3
37.Qxf7 Qxh4+ 38.Kg1 Qe1+ 39.Kh2 Qh4+ 40.Nh3 Bxh3 41.Bxh3 Qd4 42.Kg3 Qe3+ 43.Qf3
Qe1+ 44.Kg4 Kg7 45.Bg2 h5+ 46.Kh3 Qe5 47.Qg3 Qf5+ 48.Kh2 g5 49.Qc7+ Kf6 50.Qb6+
Kf7 51.Qe3 g4 52.Kg3 Kg7 53.Qe7+ Kg8 54.Be4 h4+ 55.Kxh4 Qf2+ 56.Kg5

[Event "9th EUROPEAN  INDIVIDUAL  WOME"]
[Site "Plovdiv, Bulgaria"]
[Date "2008.05.01"]
[Round "10"]
[Board "1"]
[White "Maksimovic, Suzana"]
[Black "Seps, Monika"]
[Result "1-0"]
[WhiteElo "2264"]
[BlackElo "2237"]
[PlyCount "75"]
[EventDate "2008.04.21"]
[EventRounds "11"]
[EventCountry "BUL"]

1.d4 Nf6 2.c4 g6 3.Nc3 Bg7 4.e4 d6 5.f3 O-O 6.Nge2 c5 7.d5 e6 8.Ng3 exd5 9.cxd5
h5 10.Be2 Nh7 11.Be3 a6 12.a4 h4 13.Nf1 f5 14.exf5 gxf5 15.f4 Qf6 16.Nd2 Re8
17.Nc4 Nd7 18.Kf2 Rb8 19.Re1 b5 20.axb5 axb5 21.Bh5 Rf8 22.Na5 Nb6 23.Nc6 Rb7
24.Bc1 Kh8 25.Ra7 Rxa7 26.Nxa7 Qd4+ 27.Be3 Qb4 28.Ncxb5 Nc4 29.Kg1 Ba6 30.Nc6
Qxb5 31.Bg6 Nxe3 32.Qh5 Bh6 33.Qxh6 Qb7 34.Rxe3 Qg7 35.Qh5 Rg8 36.Ne7 Rb8
37.Nxf5 Qa7 38.Ne7

[Event "9th EUROPEAN  INDIVIDUAL  WOME"]
[Site "Plovdiv, Bulgaria"]
[Date "2008.05.01"]
[Round "10"]
[Board "1"]
[White "Minina, Veronika"]
[Black "Makropoulou, Marina"]
[Result "0-1"]
[WhiteElo "2148"]
[BlackElo "2254"]
[PlyCount "108"]
[EventDate "2008.04.21"]
[EventRounds "11"]
[EventCountry "BUL"]

1.Nf3 Nf6 2.c4 g6 3.g3 Bg7 4.Bg2 d6 5.d4 O-O 6.O-O Nc6 7.b3 Bg4 8.Bb2 Qd7 9.Nbd2
Bh3 10.d5 Nd8 11.Qc2 Bxg2 12.Kxg2 e5 13.e4 Nh5 14.c5 f5 15.Rac1 fxe4 16.Nxe4 Bh6
17.Nfd2 Nf7 18.cxd6 cxd6 19.Qc7 Qf5 20.f3 Bxd2 21.Nxd2 Rac8 22.Qxb7 Rxc1 23.Bxc1
Ng5 24.Qe7 Qh3+ 25.Kg1 Rf5 26.Rf2 Nxg3 27.hxg3 Qxg3+ 28.Kf1 Qh3+ 29.Ke2 Qh1
30.Ba3 Nh3 31.Qe6+ Kg7 32.Rf1 Nf4+ 33.Ke3 Qh2 34.Qd7+ Rf7 35.Qb5 Ng2+ 36.Kd3 Qf4
37.Qc4 Qe3+ 38.Kc2 Qb6 39.Kb1 Ne3 40.Qc6 Nxf1 41.Nxf1 Qf2 42.Bxd6 Qxf1+ 43.Kb2
Qe2+ 44.Ka3 h5 45.Bc7 h4 46.Qe6 Rxc7 47.d6 Qa6+ 48.Kb2 Rf7 49.Qxe5+ Kh7 50.Qd4
Qe2+ 51.Ka3 Qe1 52.Qd5 Qc1+ 53.Ka4 Qf4+ 54.Ka3 Rd7

[Event "9th EUROPEAN  INDIVIDUAL  WOME"]
[Site "Plovdiv, Bulgaria"]
[Date "2008.05.01"]
[Round "10"]
[Board "1"]
[White "Worek, Joanna"]
[Black "Papadopoulou, Vera"]
[Result "1-0"]
[WhiteElo "2244"]
[BlackElo "2199"]
[PlyCount "73"]
[EventDate "2008.04.21"]
[EventRounds "11"]
[EventCountry "BUL"]

1.c4 Nf6 2.Nc3 e6 3.Nf3 Bb4 4.Qc2 O-O 5.a3 Bxc3 6.Qxc3 d6 7.b4 Ne4 8.Qc2 f5
9.Bb2 a5 10.e3 Nd7 11.Be2 Qe8 12.d3 Nef6 13.Nd4 Nb8 14.Nb5 Qe7 15.c5 Na6 16.cxd6
cxd6 17.bxa5 Bd7 18.a4 Rfc8 19.Qd1 Nc5 20.d4 Nce4 21.f3 Bxb5 22.axb5 Nc3 23.Qb3
Nfd5 24.g3 Qg5 25.f4 Qd8 26.b6 Rc6 27.Bd3 Qe8 28.Rc1 Qh5 29.O-O Ne2+ 30.Bxe2
Qxe2 31.Rxc6 bxc6 32.Bc1 Kf7 33.Qa3 Nxb6 34.Qxd6 Rxa5 35.Qc7+ Kf6 36.d5 Ra2
37.Qe5+

[Event "9th EUROPEAN  INDIVIDUAL  WOME"]
[Site "Plovdiv, Bulgaria"]
[Date "2008.05.01"]
[Round "10"]
[Board "1"]
[White "Franciskovic, Borka"]
[Black "Isgandarova, Khayala"]
[Result "1/2-1/2"]
[WhiteElo "2240"]
[BlackElo "2193"]
[PlyCount "36"]
[EventDate "2008.04.21"]
[EventRounds "11"]
[EventCountry "BUL"]

1.c4 g6 2.Nc3 Bg7 3.g3 d6 4.Bg2 e5 5.e4 Nc6 6.Nge2 f5 7.d3 Nf6 8.O-O O-O 9.h3
Be6 10.Nd5 Ne7 11.Nxf6+ Bxf6 12.exf5 Bxf5 13.g4 Bc8 14.Ng3 Nc6 15.Ne4 Bg7 16.Be3
h6 17.Qd2 Kh7 18.Rae1 Qh4

[Event "9th EUROPEAN  INDIVIDUAL  WOME"]
[Site "Plovdiv, Bulgaria"]
[Date "2008.05.01"]
[Round "10"]
[Board "1"]
[White "Kazimova, Narmin"]
[Black "Popova, Natalija"]
[Result "1-0"]
[WhiteElo "2071"]
[BlackElo "2239"]
[PlyCount "87"]
[EventDate "2008.04.21"]
[EventRounds "11"]
[EventCountry "BUL"]

1.c4 e5 2.Nc3 Nf6 3.Nf3 Nc6 4.d4 exd4 5.Nxd4 Bb4 6.Bg5 h6 7.Bh4 O-O 8.Rc1 Ne5
9.e3 Ng6 10.Bg3 d5 11.cxd5 Nxd5 12.Bd3 c5 13.Nde2 Be6 14.O-O Rc8 15.Nb5 a6
16.Nd6 Rc6 17.a3 Ba5 18.Nxb7 Qb6 19.Nxa5 Qxa5 20.Nd4 Nge7 21.Nxc6 Nxc6 22.Qc2
Nce7 23.e4 Nf6 24.Bd6 Ng6 25.Bxf8 Nxf8 26.Qxc5 Qd2 27.Rfd1 Qf4 28.f3 N6d7 29.Qf2
a5 30.Bb5 Ne5 31.Rc3 h5 32.Qg3 Qf6 33.h4 g6 34.Qg5 Qg7 35.Qe7 g5 36.Qxg5 Neg6
37.e5 Nh7 38.Rd8+ Nhf8 39.f4 Bg4 40.Qf6 Qxf6 41.exf6 Nxf4 42.Bc4 a4 43.b4 N4g6
44.Re3

[Event "9th EUROPEAN  INDIVIDUAL  WOME"]
[Site "Plovdiv, Bulgaria"]
[Date "2008.05.01"]
[Round "10"]
[Board "1"]
[White "Pavlidou, Ekaterini"]
[Black "Kursova, Maria"]
[Result "1-0"]
[WhiteElo "1978"]
[BlackElo "2322"]
[PlyCount "127"]
[EventDate "2008.04.21"]
[EventRounds "11"]
[EventCountry "BUL"]

1.d4 Nf6 2.c4 e6 3.Nc3 Bb4 4.Qc2 O-O 5.a3 Bxc3+ 6.Qxc3 b6 7.Bg5 Bb7 8.f3 d5 9.e3
Nbd7 10.cxd5 exd5 11.Bd3 Re8 12.Ne2 c6 13.Bf5 Nf8 14.O-O Ne4 15.Bxd8 Nxc3
16.Nxc3 Raxd8 17.Kf2 Ba6 18.Rfd1 Nd7 19.Bd3 Bxd3 20.Rxd3 Nf6 21.b4 Re6 22.Rc1 g6
23.Ne2 Nd7 24.Rdc3 Nb8 25.Nf4 Red6 26.Nd3 f6 27.a4 R6d7 28.h4 Kf7 29.g4 Ke6
30.g5 fxg5 31.hxg5 Kd6 32.Ne5 Rc7 33.f4 Rdc8 34.f5 Nd7 35.Nxd7 Rxd7 36.f6 h6
37.Kg3 hxg5 38.Kg4 Rh7 39.Kxg5 Rh2 40.Rf1 Rch8 41.f7 Ke7 42.f8=Q+ Rxf8 43.Rxf8
Rg2+ 44.Kf4 Rf2+ 45.Kg3 Rxf8 46.Rxc6 Rf1 47.Rc7+ Ke6 48.Rxa7 Rb1 49.b5 Kf5
50.Re7 Rg1+ 51.Kf2 Ra1 52.Kf3 Rf1+ 53.Ke2 Ra1 54.Re5+ Kg4 55.Rxd5 Rxa4 56.Rd6 g5
57.Rxb6 Kg3 58.Rb8 g4 59.b6 Rb4 60.b7 Kg2 61.Rg8 Rb2+ 62.Kd3 Rxb7 63.Rxg4+ Kf3
64.Rf4+

[Event "9th EUROPEAN  INDIVIDUAL  WOME"]
[Site "Plovdiv, Bulgaria"]
[Date "2008.05.01"]
[Round "10"]
[Board "1"]
[White "Petrenko, Svetlana"]
[Black "Mammadova, Gulnar"]
[Result "1-0"]
[WhiteElo "2314"]
[BlackElo "2188"]
[PlyCount "103"]
[EventDate "2008.04.21"]
[EventRounds "11"]
[EventCountry "BUL"]

1.e4 d6 2.d4 Nf6 3.Nc3 g6 4.f4 Bg7 5.Be2 c5 6.e5 Nfd7 7.exd6 exd6 8.Nb5 O-O
9.Nf3 Qb6 10.c3 a6 11.dxc5 dxc5 12.Nd6 Nf6 13.Nxc8 Rxc8 14.Ne5 Nc6 15.Nc4 Qc7
16.O-O b5 17.Ne3 Re8 18.Bf3 Rad8 19.Qc2 c4 20.Bd2 Qb6 21.Kh1 Nb8 22.Rae1 Nbd7
23.Nd1 Nc5 24.Be3 Nfd7 25.b4 cxb3 26.axb3 Qd6 27.Re2 a5 28.Rd2 Qa6 29.b4 Na4
30.Bd4 Bxd4 31.Rxd4 Nf8 32.Rxd8 Rxd8 33.f5 axb4 34.cxb4 Qd6 35.fxg6 hxg6 36.Ne3
Qxb4 37.Bd5 Rd7 38.Qf2 Qe7 39.Ng4 Nh7 40.Bxf7+ Kg7 41.Bxg6 Kxg6 42.Qg3 Rd6
43.Ne3+ Ng5 44.Nf5 Qf6 45.Qxd6 Qxd6 46.Nxd6 Nc3 47.Rf4 Ne6 48.Rb4 Nc7 49.Rb3 Ne2
50.Nxb5 Nd5 51.Rf3 Nf6 52.g3

[Event "9th EUROPEAN  INDIVIDUAL  WOME"]
[Site "Plovdiv, Bulgaria"]
[Date "2008.05.01"]
[Round "10"]
[Board "1"]
[White "Ivkina, Olga"]
[Black "Videnova, Iva"]
[Result "0-1"]
[WhiteElo "2278"]
[BlackElo "2178"]
[PlyCount "86"]
[EventDate "2008.04.21"]
[EventRounds "11"]
[EventCountry "BUL"]

1.e4 c5 2.Nf3 Nc6 3.Bb5 Nf6 4.e5 Nd5 5.Nc3 Nc7 6.Bc4 g6 7.Qe2 Bg7 8.Ne4 b6
9.Nf6+ exf6 10.exf6+ Kf8 11.fxg7+ Kxg7 12.O-O d5 13.Bb5 Re8 14.Qd3 Nb4 15.Qc3+
d4 16.Nxd4 Qxd4 17.Bxe8 Nxe8 18.Qf3 Qd5 19.Qc3+ Nf6 20.b3 Bb7 21.f3 Qd4+ 22.Qxd4
cxd4 23.Bb2 Nxc2 24.Rac1 d3 25.g4 g5 26.h4 Kg6 27.h5+ Nxh5 28.gxh5+ Kxh5 29.Kf2
Re8 30.Kg3 Re2 31.Rf2 f5 32.f4 g4 33.Bc3 Re6 34.Be5 Kg6 35.Rh2 h5 36.Rh4 Rxe5
37.fxe5 Kg5 38.Rxh5+ Kxh5 39.Kf4 Kg6 40.Rf1 Be4 41.a4 Nd4 42.b4 Ne2+ 43.Ke3 g3